Teaching of social studies / (Record no. 155670)

MARC details
000 -LEADER
fixed length control field 00628nam a22002177a 4500
005 - DATE AND TIME OF LATEST TRANSACTION
control field 20180808160722.0
008 - FIXED-LENGTH DATA ELEMENTS--GENERAL INFORMATION
fixed length control field 180808b xxu||||| |||| 00| 0 eng d
010 ## - LCCN (DPL NO)
LC control number B-121861
020 ## - INTERNATIONAL STANDARD BOOK NUMBER
International Standard Book Number 8176487236
035 ## - SYSTEM CONTROL NUMBER
System control number B-121861
037 ## - SOURCE OF ACQUISITION
Source of stock number/acquisition BPPD/PUB
040 ## - CATALOGING SOURCE
Original cataloging agency DPL
Language of cataloging ENGLISH
082 ## - DEWEY DECIMAL CLASSIFICATION NUMBER
Classification number 300.7
100 ## - MAIN ENTRY--PERSONAL NAME
Personal name Singh, Y.K.
245 ## - TITLE STATEMENT
Title Teaching of social studies /
Statement of responsibility, etc by Y.K. Singh
260 ## - PUBLICATION, DISTRIBUTION, ETC. (IMPRINT)
Place of publication, distribution, etc New Delhi
Name of publisher, distributor, etc APH Publishing Corporation
Date of publication, distribution, etc 2004
270 ## - ADDRESS
Address 5, Ansari Road Darya Ganj
City New Delhi
Postal code 110002
300 ## - PHYSICAL DESCRIPTION
Extent xii, 296p.
Dimensions 23 cm.(Hb)
500 ## - GENERAL NOTE
General note Includes index
942 ## - ADDED ENTRY ELEMENTS (KOHA)
Source of classification or shelving scheme Dewey Decimal Classification
Item type English Books
Classification part 300.7
Call number suffix SIN
Holdings
Withdrawn status Lost status Source of classification or shelving scheme Damaged status Not for loan Collection code Home library Current library Date acquired Source of acquisition Cost, normal purchase price Total Checkouts Total Renewals Full call number Barcode Date last seen Cost, replacement price Koha item type
    Dewey Decimal Classification     Non-fiction Shahdara Branch Shahdara Branch 08/08/2018 BPPD/PUB 0.00 2 3 300.7 SIN B-121861 28/04/2019 0.00 English Books

© Delhi Public Library
Hit Counter
free hit counter